| 000 | 00653nam a2200229 a 4500 | ||
|---|---|---|---|
| 001 | 82123 | ||
| 003 | BD-RjUL | ||
| 005 | 20231016133459.0 | ||
| 008 | 231016s2019 ii ||||| |||| 00| 0 eng d | ||
| 020 | _a 9789385444586 | ||
| 035 | _a(BD-RjUL)82123 | ||
| 040 |
_aBD-RjUL _beng _cBD-RjUL |
||
| 041 | _aeng | ||
| 082 |
_223 _a345.5405 _bCHL 2019 |
||
| 100 |
_aChakraborty, R. _97875 |
||
| 245 |
_aLawmann's criminal jurisprudence / _cR. Chakraborty |
||
| 260 |
_aNew Delhi, India : _bKamal Publishers, _c [2019?] |
||
| 300 |
_axliv, 464 pages ; _c24 cm. |
||
| 500 | _aIncludes index. | ||
| 650 |
_aCriminal procedure _zIndia _93661 |
||
| 942 |
_2ddc _cBK |
||
| 999 |
_c82123 _d82123 |
||